Combinatorial algebraic and topological representations of groups, semigroups and categories : Generation, Enumeration, and Search

Salvato in:
Dettagli Bibliografici
Autori principali: Pultr, Aleš (Autore), Trnková, Věra (Autore)
Natura: Libro
Lingua:inglese
Pubblicazione: Praha : Academia, 1980
Soggetti:
Tags: Aggiungi Tag
Nessun Tag, puoi essere il primo ad aggiungerne!!

MARC

LEADER 00000nam a22000003a 4500
001 stu189042
005 20150617225606.7
008 090827s1990----cs------------------eng-d
040 |a STU  |b slo 
041 0 |a eng 
044 |a cs 
080 |a 512.5 
100 1 |a Pultr, Aleš  |4 aut 
245 1 |a Combinatorial algebraic and topological representations of groups, semigroups and categories :  |b Generation, Enumeration, and Search 
260 |a Praha :  |b Academia,  |c 1980 
300 |a 372 s 
650 7 |a kombinatorické algoritmy  |2 stusub 
650 7 |a kombinatorická analýza  |2 stusub 
700 1 |a Trnková, Věra  |4 aut 
996 |b E44777  |c E*44777  |l EE03  |s P  |a 0  |w stu189042_0001